Influence of NPK fertilizers on growth of RRII 400 series clones of rubber (Hevea brasiliensis) and soil properties in Tripura during immature phase (Record no. 61276)

MARC details
000 -LEADER
fixed length control field 00592nam a2200133Ia 4500
100 ## - MAIN ENTRY--AUTHOR NAME
Personal name Mandal Debasis
245 #0 - TITLE STATEMENT
Title Influence of NPK fertilizers on growth of RRII 400 series clones of rubber (Hevea brasiliensis) and soil properties in Tripura during immature phase
260 ## - PUBLICATION, DISTRIBUTION, ETC. (IMPRINT)
Name of publisher IRC 2012. International Rubber Conference, 28-31 October 2012, Kovalam, India, Rubber Research Institute of India, Kottayam and IRRDB, Malaysia: Abstracts. pp.153-154
700 ## - ADDED ENTRY--PERSONAL NAME
Personal name Datta Dhaskar
700 ## - ADDED ENTRY--PERSONAL NAME
Personal name Dey S K
700 ## - ADDED ENTRY--PERSONAL NAME
Personal name Pal Tapan Kumar
942 ## - ADDED ENTRY ELEMENTS (KOHA)
Koha item type Journals
Holdings
Withdrawn status Lost status Damaged status Not for loan Home library Current library Shelving location Date acquired Koha item type
      Journals RRII Library RRII Library Crop management 17/04/2013 Journals